Statystyki dla Akcesoria Rowerowe

Kliknij tutaj aby rozwiązać quiz!

Ogólne statystyki

  • Ten quiz został rozwiązany 110 razy
  • Średni wynik to 3 z 6

Statystyki odpowiedzi

Odpowiedzi% Poprawnych
Bidon
63%
Dzwonek
63%
Lampka
50%
Kask
49%
Pompka
28%
Licznik
19%

Rozkład punktacji

Percentyl według liczby udzielonych odpowiedzi

Procent ludzi z każdym wynikiem

Twoja historia wyników

Nie rozwiązałeś tego quizu